Bramkarze AS Monaco FC w XXI wieku - Statystyki

Ogólne statystyki
  • Ten quiz został rozwiązany 40 razy
    6 od ostatniego zresetowania
  • Średni wynik to 9 z 23
Statystyki odpowiedzi
Lata gry Narodowość Nazwisko % Poprawnych
2021-2023 Niemcy Alexander Nübel
100%
2020- Polska Radosław Majecki
100%
2013-2020 Chorwacja Danijel Subasic
83%
2020-2022 Włochy Vito Mannone
67%
2017-2019 Szwajcaria Diego Benaglio
50%
2001-2009 2013-2014 Włochy Flavio Roma
50%
2014-2015 Holandia Maarten Stekelenburg
50%
2013-2014 Argentyna Sergio Romero
50%
2019-2021 Francja Benjamin Lecomte
33%
2016-2017 Włochy Morgan De Sanctis
33%
2023- Szwajcaria Philipp Köhn
33%
2014-2020 Senegal Seydou Sy
33%
2000-2006 Francja André Biancarelli
17%
2004-2005 Francja Fabien Audard
17%
2005-2006 Francja Guillaume Warmuz
17%
1998-2001 Francja Jean-Marie Aubry
17%
2016-2019 Francja Loïc Badiashile
17%
2015-2016 Francja Paul Nardi
17%
2010-2011 Francja Sébastien Chabbert
17%
2000-2003 Francja Stéphane Porato
17%
2006-2011 Francja Stéphane Ruffier
17%
1998-2004 Senegal Tony Sylva
17%
2008-2010 Gwadelupa Yohann Thuram
17%
Nie znaleziono quizów pasujących do podanych kryteriów
Rozkład punktacji
Procent ludzi z każdym wynikiem
Percentyl według liczby udzielonych odpowiedzi
Twoja historia wyników
Nie rozwiązałeś tego quizu od ostatniego zresetowania